000 02367cam a2200361 a 4500
001 17037450
003 Nust- CAS-E
005 20180118181357.0
008 111107s2012 njua b 001 0 eng
010 _a 2011042246
020 _a9780470908754
040 _aDLC
_cDLC
_dDLC
042 _apcc
050 0 0 _aTK5105.5
_b.Z66 2012
082 0 0 _a004.36
_223
_bENE 2012
084 _aCOM043000
_2bisacsh
100 1 _aZomaya, Albert Y.
245 1 0 _aEnergy efficient distributed computing systems /
_cAlbert Y. Zomaya, Young-Choon Lee.
260 _aHoboken, N.J. :
_bWiley,
_c2012.
300 _axxxvi, 813 p. :
_bill. ;
_c24 cm.
504 _aIncludes bibliographical references and index.
520 _a"The energy consumption issue in distributed computing systems raises various monetary, environmental and system performance concerns. Electricity consumption in the US doubled from 2000 to 2005. From a financial and environmental standpoint, reducing the consumption of electricity is important, yet these reforms must not lead to performance degradation of the computing systems. These contradicting constraints create a suite of complex problems that need to be resolved in order to lead to 'greener' distributed computing systems. This book brings together a group of outstanding researchers that investigate the different facets of green and energy efficient distributed computing.Key features: One of the first books of its kind Features latest research findings on emerging topics by well-known scientists Valuable research for grad students, postdocs, and researchers Research will greatly feed into other technologies and application domains "--
520 _a"This book brings together a group of outstanding researchers that investigate the different facets of green and energy efficient distributed computing"--
650 0 _aComputer networks
_xEnergy conservation.
650 0 _aElectronic data processing
_xDistributed processing
_xEnergy conservation.
650 0 _aGreen technology.
650 7 _aCOMPUTERS / Networking / General.
_2bisacsh
700 1 _aLee, Young-Choon,
_d1973-
710 1 _4Zomaya, Albert Y.
906 _a7
_bcbc
_corignew
_d1
_eecip
_f20
_gy-gencatlg
942 _2ddc
_cBK
999 _c355307
_d355307